Podpora bývania

Z obsahu: Peniaze na bývanie, Service Pack 2007. Lacnejšie hypotéky, štátne úvery a nájomné byty. Možnosti a podmienky. Štátna podpora bývania od januára 2007. Šanca pre mladých - sotva. Komu (ne)pomôže. Koľko štát investoval do podpory bývania.

Saved in:
Bibliographic Details
Main Author: Mravcová, Jana
Other Authors: Kremský, Peter
Format: Book Chapter
Language:Slovak
Subjects:
Tags: Add Tag
No Tags, Be the first to tag this record!

MARC

LEADER 00000naa$a2200000$$$4500
001 0052989
005 20231009072852.5
041 0 |a slo 
044 |a SK 
245 1 0 |a Podpora bývania  |c Jana Mravcová, Peter Kremský 
520 |a Z obsahu: Peniaze na bývanie, Service Pack 2007. Lacnejšie hypotéky, štátne úvery a nájomné byty. Možnosti a podmienky. Štátna podpora bývania od januára 2007. Šanca pre mladých - sotva. Komu (ne)pomôže. Koľko štát investoval do podpory bývania. 
610 2 0 |a bývanie 
610 2 0 |a podpory 
610 2 0 |a štát 
610 2 0 |a hypotéky 
610 2 0 |a úver štátny 
610 2 0 |a byty 
610 2 0 |a Slovensko 
610 2 0 |a 2007 
100 1 |a Mravcová, Jana 
700 1 |a Kremský, Peter